| 000 | 00388nam a22001577a 4500 | ||
|---|---|---|---|
| 005 | 20170330110615.0 | ||
| 008 | 170330b xxu||||| |||| 00| 0 eng d | ||
| 020 | _a978-81-219-3538-8 | ||
| 041 | _aeng | ||
| 100 |
_aMADAN,DR.R.L _93711 |
||
| 245 | _aCHEMISTRY FOR DEGREE STUDENTS,B.Sc 2ND YEAR | ||
| 260 |
_bS CHAND _c2011 |
||
| 300 | _a1103 | ||
| 650 |
_aENGINEERING _93712 |
||
| 942 | _cBK | ||
| 999 |
_c5345 _d5343 |
||